| 000 | 01092nam a22002415a 4500 | ||
|---|---|---|---|
| 003 | OSt | ||
| 005 | 20170219125621.0 | ||
| 008 | 170219s2015 ua frb 000 0 ara d | ||
| 015 | _a2015 / 3423 | ||
| 020 | _a9789770477632 | ||
| 040 |
_aEG-ScBUE _bara _cEG-ScBUE |
||
| 043 | _af-ua--- | ||
| 082 | 0 | 4 |
_a346.62078 _bق ل ي _222 |
| 100 | 1 | _aقليوبي، سميحة. | |
| 245 | 1 | 0 |
_aأحكام الإفلاس : _bشروط الإفلاس - الصلح الواقي من الإفلاس - آثار حكم شهر الإفلاس - إدارة التفليسة - إنتهاء التفليسة - أحكام إفلاس الشركات - رد الاعتبار التجاري - جرائم الإفلاس والصلح الواقي منه / _cسميحة القليوبي. |
| 260 |
_aالقاهرة : _bدار النهضة العربية، _c2015. |
||
| 300 |
_a403 ص. ؛ _c24 سم. |
||
| 504 | _aيشتمل على إرجاعات ببليوجرافية. | ||
| 650 | 7 |
_aالإفلاس _xقوانين وتشريعات _zمصر. _2BUEsh |
|
| 651 | _2BUEsh | ||
| 653 |
_bLLAAWW _cFebruary2017 |
||
| 942 | _2ddc | ||
| 999 |
_c24191 _d24163 |
||